000 01132nam a22001937a 4500
005 20240524125148.0
010 _aHIN-127697
020 _a9789387297777
_c600.00
035 _aHN-100043
037 _bDBAD
082 _a305.4
_2
100 _aअल्तेकर, ए.ऐस.
_966841
245 _aहिन्दू सभ्यता में नारियों की स्थिति:
_bप्रागैतिहासिक कालावधि से वर्तमान काल तक/
_cए.ऐस. अल्तेकर; गणेशीलाल सुथार द्वारा अनुवादित
260 _aजोधपुर
_bराजस्थानी ग्रन्थागार
_c2020
270 _aप्रथम तल निकट गणेश मंदिर के सामने,सोजती गेट के बाहर,
_bजोधपुर
_e342001
300 _a363पृ. :
_c22सेमी(सजिल्द)
_bसचित्र
700 _aसुथार, गणेशीलाल
_966842
942 _2ddc
_cHN
_h305.4
_mअल्तेक
999 _c203227
_d203227